Yüklüyor......

Unequal ageing : the untold story of exclusion in old age /

Detaylı Bibliyografya
Diğer Yazarlar: Cann,Paul Ed, Dean, Maclom Ed
Materyal Türü: Printed Book
Baskı/Yayın Bilgisi: U K: The Policy press. 2009.
Konular:
LEADER 00525cam a2200169ua 4500
999 |c 43353  |d 43353 
020 |a 9781847424112 
082 |a 612.27  |b UNE 
245 |a Unequal ageing :   |b the untold story of exclusion in old age /  
260 |a U K:  |b The Policy press.  |c 2009. 
300 |a 179p.; 
650 |a Older age 
650 |a Ageing 
700 |a Cann,Paul Ed. 
700 |a  Dean, Maclom Ed. 
942 |c BK 
952 |0 0  |1 0  |4 0  |6 612_270000000000000_UNE  |7 0  |9 55314  |a KU  |b KU  |d 2015-07-05  |l 0  |o 612.27 UNE  |p AN02941  |r 2015-07-05  |w 2015-07-05  |y BK